| 000 | 00572nam a2200193 i 4500 | ||
|---|---|---|---|
| 001 | 37772 | ||
| 003 | ES-MaACL | ||
| 005 | 20250819063032.0 | ||
| 007 | t| | ||
| 008 | 030221s1948 sp ||||1| spa d | ||
| 080 | _a368(022) | ||
| 100 | 1 |
_aCaballero Sánchez, Ernesto, _d1919- _933122 |
|
| 245 | 1 | 0 |
_aIntroducción al estudio del seguro privado / _cErnesto Caballero Sánchez. |
| 260 |
_aMadrid : _bMagisterio Español, _c1948. |
||
| 300 |
_a472 p. ; _c25 cm. |
||
| 650 | 4 |
_aSeguros- _zEspaña. _917024 |
|
| 852 |
_aES-MaACL _jF-5144 |
||
| 999 |
_c37772 _d37772 |
||